header

Canoe country camping (Record no. 133510)

MARC details
000 -LEADER
fixed length control field 01600nam a2200349Ia 4500
100 1# - MAIN ENTRY--AUTHOR NAME
Personal name Furtman, Michael.
245 10 - TITLE STATEMENT
Title Canoe country camping
260 ## - PUBLICATION, DISTRIBUTION, ETC. (IMPRINT)
Place of publication Duluth, MN :
Name of publisher Pfeifer-Hamilton,
Year of publication c1992.
300 ## - PHYSICAL DESCRIPTION
Number of Pages xiii, 199 p. :
Other physical details ill., 1 map.
650 #0 - SUBJECT ADDED ENTRY--TOPICAL TERM
Topical Term Canoes and canoeing
Topical Term Canoes and canoeing
Topical Term Canoe camping
Topical Term Canoe camping
856 40 - ELECTRONIC LOCATION AND ACCESS
Uniform Resource Identifier http://site.ebrary.com/lib/rucke/Doc?id=10159650

No items available.

© 2026 Rongo University
Contact us: librarian | system librarian | Rongo university